01574nam a22002057a 450000500170000001000150001702000260003203500140005803700130007208200080008510000390009324501250013225000060025726000770026327000380034030000540037849000210043250005870045371003280104020250220115825.0 aHIN-129451 c645.00a9789364444194 aHN-101797 bDBAD/PUB a000 aरमेश देवांगन aसमग्र अध्ययन cरमेश देवांगनbछत्तीसगढ़hहिन्दी a1 aनई दिल्लीbMcGraw Hill Education (India) PVT. LIM.c2025 aN-15-A/80, Indira Vikas, Colony,  a492पृ.;c27 सेमी (सजिल्द) vखंड 1.1.22 aसंपादक मंडल झा,रामप्रकाश पढियार, गजेन्द्र जैन ,नवीनभाई वी. झा, अरुण कुमार उत्तम सिंह पंड्या, भाविन त्रिवेदी, राहुल भट्ट, अश्विन हेमंत कुमार(संयोजक) परबत ठाकोर संजय गुर्जर (संपादन सहयोग ) केतन डी शाह (कंप्यूटर प्रोग्रामिंग) aझा,रामप्रकाश पढियार, गजेन्द्र जैन ,नवीनभाई वी. झा, अरुण कुमार उत्तम सिंह पंड्या, भाविन त्रिवेदी, राहुल भट्ट, अश्विनeसंपादक